[Event "Titled Tue 20th May Late"]
[Site "chess.com INT"]
[Date "2025.05.20"]
[Round "2"]
[White "Anhwere, Bernard"]
[Black "Dovgaliuk, Oleksandr"]
[Result "0-1"]
[WhiteTitle "CM"]
[WhiteElo "1906"]
[BlackElo "2240"]
[WhiteFideId "12600580"]
[BlackFideId "14167247"]
[EventDate "2025.05.20"]

1. d4 e6 2. c4 b6 3. Nf3 Bb7 4. g3 f5 5. Bg2 Nf6 6. O-O Be7 7. Nc3 O-O 8. d5 Qe8
9. Nd4 Bc5 10. dxe6 Bxg2 11. Kxg2 dxe6 12. Ncb5 Bxd4 13. Qxd4 a6 14. Nc3 c5 15.
Qd6 Qc6+ 16. Qxc6 Nxc6 17. Bg5 Rad8 18. Rad1 Kf7 19. Na4 Rxd1 20. Rxd1 Ne4 21.
Be3 Ne5 22. Nxb6 Rb8 23. Nd7 Nxd7 24. Rxd7+ Ke8 25. Rxg7 Rxb2 26. Rxh7 Rxa2 27.
Ra7 Rxe2 28. Rxa6 Kf7 29. Rc6 Rc2 30. Bxc5 Rxc4 31. Rc7+ Kg6 32. Bb6 Rb4 33. Be3
Ra4 34. h4 Nf6 35. Rc6 Kf7 36. Bg5 Ne4 37. Rc7+ Kg6 38. Be3 Ra2 39. Re7 Kf6 40.
Rh7 Rc2 41. Rh6+ Kf7 42. Bd4 Rd2 43. Be3 Rd3 44. h5 Nf6 45. Bg5 Ng4 46. Rh7+ Kg8
47. Re7 Rd6 48. Bf4 Rc6 49. h6 e5 50. h7+ Kh8 51. Bg5 Rg6 52. Bc1 Rg7 53. Rxg7
Kxg7 54. Bb2 Kxh7 55. f3 Ne3+ 56. Kf2 Nd1+ 57. Ke2 Nxb2 58. Ke3 Kg6 59. g4 Nd1+
60. Kd2 Nf2 61. gxf5+ Kxf5 62. Ke3 Nh3 0-1

[Event "Titled Tue 20th May Late"]
[Site "chess.com INT"]
[Date "2025.05.20"]
[Round "2"]
[White "Tayar, Jonathan"]
[Black "Ahmad, Khagan"]
[Result "0-1"]
[WhiteTitle "IM"]
[BlackTitle "IM"]
[WhiteElo "2325"]
[BlackElo "2405"]
[WhiteFideId "2606534"]
[BlackFideId "13431552"]
[EventDate "2025.05.20"]

1. e4 e5 2. Nf3 Nc6 3. Nc3 Nf6 4. d4 exd4 5. Nd5 Nxe4 6. Qe2 f5 7. Ng5 Be7 8.
Nxe4 fxe4 9. Qxe4 d6 10. Bb5 O-O 11. Bxc6 Bh4 12. O-O bxc6 13. Nb4 Bf5 14. Qxd4
c5 15. Qc4+ Kh8 16. Nd3 Bf6 17. Rb1 Rb8 18. b3 Qe8 19. Bb2 Qe4 20. Qa6 Bc8 21.
Qxa7 Bb7 22. f3 Qe3+ 23. Kh1 Bxb2 24. Nxb2 Qc3 25. Nc4 Qxc2 26. Qa5 Rbc8 27. Qb5
Ba8 28. Qd7 Qg6 29. Qh3 Qh6 30. Qg3 Qg6 31. Qh4 Rce8 32. Rbd1 Bc6 33. Rg1 h6 34.
Qf2 Kh7 35. a4 Rf7 36. Ra1 Ref8 37. Nd2 Qd3 38. a5 Qa6 39. Rge1 Bd5 40. Qe3 Rf4
41. Qc3 Rd4 42. Qc2+ Qd3 43. Qxd3+ Rxd3 44. Nf1 Rxb3 45. Ne3 Bc6 46. a6 Ra8 47.
Ng4 Rb6 48. a7 Rb7 49. Re7 Rbxa7 50. Rae1 Ra1 51. h4 Rxe1+ 52. Rxe1 h5 53. Nf2
c4 54. Re7 c3 55. Rxc7 c2 56. Rxc6 Ra1+ 57. Kh2 c1=Q 58. Rxc1 Rxc1 59. Nh3 g6
60. Ng5+ Kg7 61. Kg3 d5 62. Kf4 Kf6 63. Nh7+ Ke6 64. Ng5+ Kd6 65. Nf7+ Ke7 66.
Ne5 Kf6 67. Nd7+ Kg7 68. Ke5 Rc2 69. g4 hxg4 70. fxg4 Rd2 71. h5 d4 72. hxg6
Re2+ 73. Kf4 d3 74. Ne5 Rxe5 0-1

[Event "Titled Tue 20th May Late"]
[Site "chess.com INT"]
[Date "2025.05.20"]
[Round "2"]
[White "Lissillour, Baptiste"]
[Black "Ribeiro, Matheus Mendes Domingues"]
[Result "1/2-1/2"]
[BlackTitle "FM"]
[WhiteElo "2318"]
[BlackElo "2294"]
[WhiteFideId "45179620"]
[BlackFideId "324226923"]
[EventDate "2025.05.20"]

1. e4 e6 2. d4 d5 3. e5 c5 4. c3 Nc6 5. Nf3 Nge7 6. Bd3 cxd4 7. cxd4 Nf5 8. Bxf5
exf5 9. Nc3 Be7 10. O-O Be6 11. Ne2 g5 12. Ne1 f4 13. Nc3 h5 14. Nc2 Qd7 15. Rb1
Bf5 16. Ra1 Rc8 17. Bd2 f3 18. gxf3 g4 19. Bf4 Bxc2 20. Qxc2 gxf3 21. Kh1 Qg4
22. Bg3 h4 23. Rg1 hxg3 24. Rxg3 Qh4 25. h3 Nxd4 26. Qd3 Ne6 27. Nxd5 a6 28.
Qxf3 Rc4 29. Rag1 Qe4 30. Qxe4 Rxe4 31. Rg8+ Rxg8 32. Rxg8+ Kd7 33. Rb8 Nc5 34.
b4 Rd4 35. Nxe7 Ne4 36. Nf5 Rd2 37. Rxb7+ Ke6 38. Ng7+ Kxe5 39. Rxf7 Nxf2+ 40.
Kg2 Ne4+ 41. Kg1 Rxa2 42. Rf5+ Kd4 43. h4 Ke3 44. Ra5 Rb2 45. Ra3+ Kf4 46. Rxa6
Ng3 47. Ne6+ Kg4 48. Rb6 Kh3 49. Nf4+ Kg4 50. Ne6 Rb1+ 51. Kf2 Rf1+ 52. Ke3 Re1+
53. Kd2 Re5 54. Nd4 Re4 55. Kd3 Re1 56. Rg6+ Kh3 57. h5 Re8 58. h6 Nh5 59. Rg5
Kh4 60. Rg6 Nf4+ 61. Kc4 Nxg6 62. h7 Kg5 63. Kc5 Kh6 64. b5 Kxh7 65. b6 Ne5 66.
Nf5 Kg6 67. Nd6 Rd8 68. b7 Kf6 69. Nc8 Nd7+ 70. Kc6 Nb8+ 71. Kc7 Rh8 72. Kxb8
Ke6 73. Kc7 Rh7+ 74. Kc6 Rh1 75. b8=Q Rc1+ 76. Kb7 Rb1+ 77. Kc7 Rxb8 78. Kxb8 1/2-1/2

[Event "Titled Tue 20th May Late"]
[Site "chess.com INT"]
[Date "2025.05.20"]
[Round "2"]
[White "Saidov, Bilukhadzh"]
[Black "Bouska, Jiri"]
[Result "0-1"]
[WhiteTitle "FM"]
[BlackTitle "FM"]
[WhiteElo "2309"]
[BlackElo "2318"]
[WhiteFideId "34165476"]
[BlackFideId "23722223"]
[EventDate "2025.05.20"]

1. d4 d5 2. Bf4 Nf6 3. e3 e6 4. Nf3 c5 5. Nc3 Bd6 6. dxc5 Bxf4 7. exf4 Qc7 8. g3
Qxc5 9. Bd3 O-O 10. O-O b6 11. Re1 Ba6 12. f5 exf5 13. Bxf5 Nc6 14. Bd3 Bb7 15.
Qd2 Nb4 16. Nd4 Rad8 17. a3 Nc6 18. Nce2 Ne4 19. Qe3 Rfe8 20. Nxc6 Qxc6 21. Nd4
Qf6 22. Bb5 Re7 23. f3 Kf8 24. c3 Nd6 25. Qxe7+ Qxe7 26. Rxe7 Kxe7 27. Re1+ Kf8
28. Bd3 Re8 29. Rxe8+ Kxe8 30. Kf2 g6 31. Bb5+ Ke7 32. Bd3 Kd7 33. h4 Ke7 34.
Ke3 f6 35. b3 Nf7 36. a4 Ne5 37. Be2 Nd7 38. Nb5 a6 39. Nd4 Nc5 40. Bd1 a5 41.
Bc2 Nd7 42. b4 axb4 43. cxb4 Ne5 44. Bb3 Kd6 45. Nb5+ Kd7 46. Nd4 Kd6 47. f4
Ng4+ 48. Kf3 f5 49. a5 bxa5 50. bxa5 Kc5 51. Ne6+ Kb4 52. Bd1 d4+ 53. Ke2 Ba6+
54. Kd2 Kxa5 55. Nxd4 Nf6 56. Bf3 Kb6 57. Ke3 Kc5 58. Ne6+ Kd6 59. Ng5 Bc4 60.
Be2 Bg8 61. Bf3 Bd5 62. Nh3 Bxf3 63. Kxf3 Kd5 64. Nf2 Kd4 65. Nh3 Ne4 66. g4
Nd2+ 67. Kg3 Ne4+ 68. Kf3 Nd2+ 69. Kg3 Nf1+ 70. Kf2 fxg4 71. Ng5 Ne3 72. Kg3 h5
73. Ne6+ Kd3 74. Nf8 Nf5+ 75. Kh2 Ne7 76. Ne6 Ke4 77. Kg3 Nf5+ 78. Kh2 Kf3 79.
Nf8 Kf2 80. Nxg6 g3+ 81. Kh3 g2 82. Ne5 g1=Q 83. Nd3+ Ke3 84. Nf2 Qg3# 0-1

[Event "Titled Tue 20th May Late"]
[Site "chess.com INT"]
[Date "2025.05.20"]
[Round "2"]
[White "Dogan, Mire Deniz"]
[Black "Torosyan, Volodya"]
[Result "1-0"]
[WhiteTitle "FM"]
[BlackTitle "CM"]
[WhiteElo "2089"]
[BlackElo "2186"]
[WhiteFideId "6317456"]
[BlackFideId "13319051"]
[EventDate "2025.05.20"]

1. e4 e6 2. d4 d5 3. e5 c5 4. c3 Nc6 5. Nf3 Qb6 6. a3 Nh6 7. b4 cxd4 8. cxd4 Nf5
9. Bb2 Bd7 10. Be2 Na5 11. O-O Nc4 12. Bxc4 dxc4 13. d5 exd5 14. Qxd5 Be6 15.
Qe4 Be7 16. Nc3 Rd8 17. Rad1 O-O 18. Nd5 Rxd5 19. Rxd5 Qc6 20. Nd4 Bxd5 21. Qxf5
Qg6 22. Qxg6 hxg6 23. Rd1 Rd8 24. Bc3 a6 25. f4 b5 26. Kf2 Be4 27. g3 Bd3 28.
Ke3 Rc8 29. h4 Bd8 30. a4 Bb6 31. axb5 axb5 32. Ra1 Bf5 33. Ra6 Bxd4+ 34. Kxd4
Rd8+ 35. Rd6 Ra8 36. Rd5 Ra2 37. Rxb5 Be6 38. Rb8+ Kh7 39. b5 Rg2 40. b6 Rxg3
41. b7 Rd3+ 42. Kc5 Rxc3 43. Rd8 Rb3 44. b8=Q Rxb8 45. Rxb8 g5 46. hxg5 Kg6 47.
Kd4 Kf5 48. Ke3 g6 49. Rb6 Kg4 50. Rd6 Kf5 51. Rc6 Kg4 52. Ra6 Kf5 53. Ra1 Kg4
54. Rg1+ Kf5 55. Rf1 Bd5 56. Kd4 Be6 57. Rf2 Kg4 58. Ke3 Kf5 59. Rg2 Bd5 60. Rg1
Be6 61. Rd1 Kg4 62. Rd6 Kf5 63. Kf3 c3 64. Ke3 c2 65. Rc6 Bb3 66. Rf6+ Kg4 67.
Kd2 Ba4 68. e6 fxe6 69. Rxe6 Kf5 70. Rf6+ Ke4 71. Rxg6 Kxf4 72. Rg8 Bb3 73. Rg7
Kf5 74. Kc1 Ba4 75. Kb2 Kg4 76. g6 Be8 77. Rg8 Bd7 78. g7 c1=Q+ 79. Kxc1 Kg5 80.
Rf8 Be6 81. g8=Q+ Bxg8 82. Rxg8+ Kf6 1-0

[Event "Titled Tue 20th May Late"]
[Site "chess.com INT"]
[Date "2025.05.20"]
[Round "2"]
[White "Dudzinski, Pawel"]
[Black "Karenza, Dita"]
[Result "0-1"]
[WhiteTitle "FM"]
[BlackTitle "WIM"]
[WhiteElo "2191"]
[BlackElo "2066"]
[WhiteFideId "1117890"]
[BlackFideId "7101473"]
[EventDate "2025.05.20"]

1. e4 c5 2. Nc3 Nc6 3. g3 g6 4. Bg2 Bg7 5. d3 d6 6. Be3 Nf6 7. h3 O-O 8. f4 e5
9. Qd2 exf4 10. Bxf4 Nh5 11. Nge2 Nxf4 12. Qxf4 Nd4 13. O-O-O Be6 14. Kb1 Qa5
15. Nxd4 cxd4 16. Nd5 Bxd5 17. exd5 Be5 18. Qf2 b5 19. h4 b4 20. h5 Qc5 21. hxg6
fxg6 22. Qe2 a5 23. Bh3 a4 24. Be6+ Kg7 25. Qd2 h5 26. Rxh5 Rh8 27. Rxh8 Rxh8
28. Qg5 Bf6 29. Qd2 b3 30. cxb3 axb3 31. axb3 Qa7 32. Rc1 Ra8 33. Kc2 Rh8 34.
Rf1 Qc5+ 35. Kb1 Qb5 36. Qc2 Qb7 37. Rc1 Rb8 38. Qc7+ Be7 39. Qxb7 Rxb7 40. Rc4
Rxb3 41. Rxd4 Bf6 42. Rc4 Rxb2+ 43. Kc1 Rg2 44. g4 Bg5+ 45. Kb1 Kf6 46. Rc2 Rg1+
47. Kb2 Ke5 48. Rc4 Rd1 49. Re4+ Kf6 50. Kc2 Rc1+ 51. Kb2 Rd1 52. Kc3 Rc1+ 53.
Kd4 Kg7 54. Bd7 Bf6+ 55. Ke3 Re1+ 56. Kf2 Rd1 57. Ke2 Ra1 58. Re6 Be5 59. Re7+
Kf6 60. Rh7 Kg5 61. Rf7 Ra2+ 62. Kf3 Rd2 63. Ke3 Rd1 64. Re7 Bf4+ 65. Ke2 Rd2+
66. Kf3 Rxd3+ 67. Kf2 Be5 68. Be6 Kf4 69. Ke2 Re3+ 70. Kd2 Ra3 71. Rf7+ Ke4 72.
Rf8 Ra2+ 73. Ke1 Ke3 74. Kf1 Ra1+ 75. Kg2 Ra2+ 76. Kg1 Bf4 77. Bf7 Kf3 0-1

[Event "Titled Tue 20th May Late"]
[Site "chess.com INT"]
[Date "2025.05.20"]
[Round "2"]
[White "Klimakovs, Sergejs"]
[Black "Vagman, Roy"]
[Result "1-0"]
[WhiteTitle "FM"]
[BlackTitle "FM"]
[WhiteElo "2337"]
[BlackElo "2417"]
[WhiteFideId "11602066"]
[BlackFideId "2828995"]
[EventDate "2025.05.20"]

1. e4 c5 2. Nf3 a6 3. c4 Nc6 4. d4 cxd4 5. Nxd4 Nf6 6. Nc3 e5 7. Nc2 Bc5 8. Be2
O-O 9. O-O d6 10. Bg5 Be6 11. Ne3 Nd4 12. Ned5 Kh8 13. Kh1 h6 14. Bh4 g5 15. Bg3
Rc8 16. b3 Nh7 17. Bg4 Qd7 18. h3 f5 19. exf5 Bxf5 20. Ne4 Rce8 21. Nxc5 dxc5
22. Re1 Qg7 23. Bxf5 Rxf5 24. Qd3 Nf8 25. Re4 Ng6 26. Rae1 Ref8 27. Ne3 R5f7 28.
Ng4 Nf4 29. Qd2 Nc6 30. Nxe5 Nxe5 31. Rxe5 Rd7 32. Qe3 Nd3 33. Re7 Nxe1 34. Rxg7
Rxg7 35. Be5 Nc2 36. Qxc5 Rf7 37. Qc8+ Kh7 38. Bxg7 Kxg7 39. Qe6 Nb4 40. Qd6 Nc6
41. b4 Rf6 42. Qc5 Kg6 43. b5 axb5 44. cxb5 Nd8 45. a4 Ne6 46. Qb6 Nf4 47. Qe3
Re6 48. Qd4 Re1+ 49. Kh2 Re2 50. Kg3 h5 51. h4 Re6 52. Qc5 Ne2+ 53. Kh2 gxh4 54.
Qc2+ Kf6 55. a5 Nd4 56. Qb2 Ke5 57. b6 Kd5 58. Qa2+ Kd6 59. a6 bxa6 60. Qxa6 Kc5
61. Qa5+ Kc6 62. Qa6 Kc5 63. Qa5+ Kc6 64. Qc3+ Kd5 65. b7 Rb6 66. Qc8 Nc6 67.
Qc7 Kc5 68. Kh3 Kb5 69. Kxh4 Ka6 70. Kxh5 Rb5+ 71. Kh4 Rb6 72. g4 Kb5 73. g5 Ka6
74. g6 Ka7 75. Qxb6+ Kxb6 76. g7 Kxb7 77. g8=Q Ne7 78. Qf7 Ka8 79. Qxe7 Kb8 80.
f4 Ka8 81. f5 Kb8 82. f6 Ka8 83. f7 1-0

[Event "Titled Tue 20th May Late"]
[Site "chess.com INT"]
[Date "2025.05.20"]
[Round "2"]
[White "Drygalov, Andrey"]
[Black "Przybylski, Bartosz"]
[Result "1-0"]
[WhiteTitle "GM"]
[BlackTitle "CM"]
[WhiteElo "2431"]
[BlackElo "2107"]
[WhiteFideId "24171735"]
[BlackFideId "21878323"]
[EventDate "2025.05.20"]

1. e4 c5 2. Nf3 Nc6 3. Bb5 g6 4. Bxc6 dxc6 5. d3 Bg7 6. h3 b6 7. Nc3 e5 8. a3 h6
9. b4 cxb4 10. axb4 Ne7 11. O-O Be6 12. Be3 O-O 13. d4 exd4 14. Bxd4 Bc4 15. Re1
g5 16. Bxg7 Kxg7 17. Ne5 Qxd1 18. Nxd1 Be6 19. Ne3 Rfd8 20. c3 c5 21. bxc5 bxc5
22. Ra5 c4 23. Rea1 Ng6 24. N5xc4 Nf4 25. Rxa7 Rxa7 26. Rxa7 Ne2+ 27. Kh2 Nxc3
28. f3 h5 29. Ne5 Kf6 30. Nc6 Rd2 31. Nb4 Ne2 32. Nbd5+ Kg7 33. Nc4 Rc2 34. Ne5
Rd2 35. Rc7 Rb2 36. Nd3 Rd2 37. Nc5 Bxd5 38. exd5 Nf4 39. Ne6+ Kf6 40. Nxf4 gxf4
41. Rc6+ Kg5 42. d6 f6 43. Rb6 Kg6 44. Kg1 h4 45. Kf1 Kf7 46. Rb7+ Kg6 47. Rb6
Kf7 48. Rb4 Rd1+ 49. Ke2 Rg1 50. Kf2 Rd1 51. Rxf4 Rd2+ 52. Kg1 Rxd6 53. Rxh4 f5
54. Kh2 Kg6 55. Ra4 Rd2 56. Kg3 Kg5 57. h4+ Kh5 58. Ra5 Kg6 59. Ra6+ Kh5 60. Rf6
Rd5 61. Kf4 Rd4+ 62. Kxf5 Kxh4 63. Rg6 Kh5 64. Rg8 Rd5+ 65. Ke4 Rd7 66. Kf4 Kh6
67. Kg3 Kh7 68. Rg4 Kh6 69. Kh3 Kh5 70. g3 Rd1 71. f4 Rh1+ 72. Kg2 Ra1 73. Rg5+
Kh6 74. Kh3 Rh1+ 75. Kg4 Rg1 76. Ra5 Rb1 77. Ra6+ Kg7 78. Kg5 Rb5+ 79. f5 Rb7
80. g4 Kg8 81. Rg6+ Kh7 82. Rh6+ Kg7 83. f6+ Kg8 84. Kh5 Rb5+ 85. g5 Rb7 86. Kg6
Rg7+ 87. Kf5 Rb7 88. Rh3 Rb5+ 89. Kg6 Rb8 90. Rd3 Rf8 91. Rd7 Kh8 92. Kh6 Kg8
93. g6 Ra8 94. Rg7+ Kh8 95. Rh7+ Kg8 96. f7+ Kf8 97. Rh8+ Ke7 98. Rxa8 1-0

[Event "Titled Tue 20th May Late"]
[Site "chess.com INT"]
[Date "2025.05.20"]
[Round "2"]
[White "Platzgummer, Fabian"]
[Black "Ibarra Jerez, Jose Carlos"]
[Result "1/2-1/2"]
[WhiteTitle "IM"]
[BlackTitle "GM"]
[WhiteElo "2295"]
[BlackElo "2545"]
[WhiteFideId "1617222"]
[BlackFideId "2226332"]
[EventDate "2025.05.20"]

1. Nf3 d5 2. g3 g6 3. Bg2 Bg7 4. O-O e5 5. d3 Nc6 6. c4 dxc4 7. dxc4 Qxd1 8.
Rxd1 Bg4 9. Nc3 Nge7 10. h3 Be6 11. Nd5 Rc8 12. Ng5 Bd7 13. Ne4 Nxd5 14. cxd5
Nd4 15. e3 Ne2+ 16. Kh2 Nxc1 17. Raxc1 b6 18. Rc2 f5 19. Ng5 Ke7 20. Rdc1 h6 21.
Nf3 Kd8 22. e4 Rf8 23. Nd2 f4 24. Bf3 h5 25. Kg2 fxg3 26. fxg3 Bh6 27. Rd1 Bxd2
28. Rcxd2 Bxh3+ 29. Kxh3 Rxf3 30. d6 c6 31. d7 Rc7 32. Rd6 Rf7 33. Rxg6 Rfxd7
34. Rg8+ Ke7 35. Rg7+ Ke6 36. Rg6+ Kf7 37. Rxc6 Rxd1 38. Rxc7+ Kf6 39. Rxa7 Rd2
40. b3 Re2 41. Rb7 Rxa2 42. Rxb6+ Kf7 43. Rb5 Kf6 44. Rb6+ Kf7 45. Rh6 Re2 46.
Rxh5 Rxe4 47. Rh7+ Ke6 48. Rb7 Re1 49. b4 e4 50. b5 e3 51. Kg2 Rb1 52. Kf3 Rb3
53. Rb8 Kd7 54. Ke2 Rb4 55. Rg8 Kc7 56. Kxe3 Rxb5 57. g4 Kd7 58. Rf8 Ke7 59. Rf1
Rb8 60. Rf4 Rg8 61. Kf3 Ke6 62. Kg3 Ke5 63. Rf5+ Ke6 64. Rf1 Ke5 65. g5 Rxg5+
66. Kh4 Rg8 67. Re1+ Kf4 68. Rf1+ Ke4 69. Re1+ Kf3 70. Rf1+ Ke4 71. Re1+ Kf5 72.
Rf1+ Ke5 73. Re1+ Kd4 74. Rd1+ Ke3 75. Re1+ Kf2 76. Re7 Kf3 77. Kh5 Rg1 78. Kh6
Kf4 79. Kh7 Kf5 80. Rf7+ Ke6 81. Rg7 Rh1+ 82. Kg8 Kf6 83. Rf7+ Ke6 84. Ra7 Rb1
85. Ra6+ Kf5 86. Ra5+ Kg6 87. Ra6+ Kg5 88. Ra5+ Kf6 89. Ra6+ Kf5 90. Ra2 Rf1 91.
Rb2 Rf4 92. Rb7 Rg4+ 93. Kf7 Re4 94. Rb5+ Kf4 95. Kf6 Rc4 96. Rh5 Rc6+ 97. Ke7
Kg3 98. Rg5+ Kf4 99. Rg1 Rc3 100. Kd6 Rg3 101. Rf1+ Ke4 102. Re1+ Kd4 103. Ra1
Rg6+ 104. Ke7 Rg3 105. Ra4+ Kd5 106. Ra5+ Kc6 107. Kf6 Kb6 108. Ra1 Rg2 109. Ke5
Rb2 110. Kd4 Rb5 111. Kc4 Ra5 112. Rb1+ Kc6 113. Rh1 Ra4+ 114. Kb3 Re4 115. Rh6+
Kb5 1/2-1/2

[Event "Titled Tue 20th May Late"]
[Site "chess.com INT"]
[Date "2025.05.20"]
[Round "2"]
[White "Schnaider, Ilan"]
[Black "Smirnov, Alexandr A."]
[Result "1/2-1/2"]
[WhiteTitle "IM"]
[BlackTitle "FM"]
[WhiteElo "2388"]
[BlackElo "2136"]
[WhiteFideId "169013"]
[BlackFideId "24104396"]
[EventDate "2025.05.20"]

1. b3 Nf6 2. Bb2 c5 3. d3 Nc6 4. Nd2 g6 5. g3 Bg7 6. Bg2 O-O 7. e4 d6 8. Nh3 e5
9. O-O Bg4 10. f3 Bd7 11. f4 Bg4 12. Qe1 Nd4 13. Bxd4 cxd4 14. Nc4 b5 15. fxe5
bxc4 16. exf6 Bxf6 17. bxc4 Bxh3 18. Bxh3 Bg5 19. Rb1 Rb8 20. Rb3 Kg7 21. Kg2 h5
22. Qa1 Bf6 23. Rfb1 Qc7 24. Rb5 Be5 25. Qb2 Rxb5 26. Qxb5 Qe7 27. Rf1 h4 28.
Qd7 Qg5 29. Qg4 Qxg4 30. Bxg4 hxg3 31. hxg3 Rb8 32. Ra1 Rb2 33. Bd1 a5 34. Kf2
a4 35. a3 Kf6 36. g4 Kg5 37. Ke1 Bf4 38. Kf2 Be3+ 39. Kf3 Bf4 40. Kg2 f6 41. Kf3
Rb8 42. Kg2 Rh8 43. Rb1 Rh2+ 44. Kg1 Rd2 45. Kf1 Kh4 46. Be2 Rxc2 47. Kf2 Be3+
48. Kf3 Ra2 49. Rb8 Rxa3 50. Rg8 Kg5 51. Ra8 Ra2 52. Bd1 a3 53. Ba4 Rf2+ 54. Kg3
a2 55. Be8 Rb2 56. Bf7 Bf4+ 57. Kf3 Be3 58. Kg3 Bd2 59. Ra6 Bc3 60. c5 dxc5 61.
Bxa2 Bd2 62. Bc4 Bf4+ 63. Kf3 Rh2 64. Ra8 Rh3+ 65. Kf2 Rg3 66. Be6 Rxd3 67. Rg8
Rd2+ 68. Kf3 Rd3+ 69. Kf2 Kh6 70. Bf7 g5 71. Rg6+ Kh7 72. Rxf6 c4 73. Bxc4 Rc3
74. Be6 d3 75. Rf7+ Kg6 76. Rd7 d2 77. Bf5+ Kf6 78. Ke2 Ke5 79. Rd5+ Kf6 80. e5+
Bxe5 81. Kxd2 Ra3 82. Rb5 Bf4+ 83. Kc2 Ke7 84. Kb2 Re3 85. Rb6 Be5+ 86. Kc2 Bf4
87. Rb7+ Kd6 88. Rb6+ Kc5 89. Rg6 Rg3 90. Rg8 Kd4 91. Rd8+ Ke5 92. Re8+ Kd6 93.
Re6+ Kc5 94. Kd1 Kd4 95. Ke2 Re3+ 96. Kf2 Rxe6 97. Bxe6 Ke5 98. Bf5 Kf6 99. Ke2
Ke5 100. Kd3 Kf6 101. Ke4 Bc1 102. Kd5 Bf4 103. Kc4 Bc1 104. Kd4 Bf4 105. Kd3
Be5 106. Be4 Bf4 107. Bf3 Be5 108. Bh1 Bf4 109. Bb7 Be5 110. Bc8 Bf4 111. Bf5
Be5 112. Ke4 Bf4 113. Kd5 Be5 114. Kc6 Bf4 115. Kd5 Be5 116. Bg6 Bf4 117. Bf5 1/2-1/2

[Event "Titled Tue 20th May Late"]
[Site "chess.com INT"]
[Date "2025.05.20"]
[Round "2"]
[White "Drozdowski, Kacper"]
[Black "Anciaux, Adrien"]
[Result "1/2-1/2"]
[WhiteTitle "IM"]
[BlackTitle "FM"]
[WhiteElo "2450"]
[BlackElo "2207"]
[WhiteFideId "1136720"]
[BlackFideId "257931"]
[EventDate "2025.05.20"]

1. e4 e6 2. d4 d5 3. Nc3 Bb4 4. Ne2 Nc6 5. e5 Nge7 6. a3 Ba5 7. Be3 O-O 8. Ng3
f6 9. f4 fxe5 10. fxe5 Bd7 11. Qd2 Be8 12. Bd3 Bg6 13. O-O-O a6 14. Rdf1 Qd7 15.
Bxg6 Nxg6 16. Qd3 b5 17. Nce2 Bb6 18. h4 Rxf1+ 19. Nxf1 Qf7 20. h5 Nge7 21. Nfg3
Rf8 22. Rf1 Qe8 23. Nf4 Nd8 24. Rf3 c6 25. Nge2 Nf5 26. Bf2 Nh6 27. Be1 Rf5 28.
Ng3 Rf7 29. Bb4 Nb7 30. Nfe2 a5 31. Bd2 Rxf3 32. Qxf3 Qf7 33. Bxh6 Qxf3 34. gxf3
gxh6 35. c3 c5 36. Kd2 b4 37. axb4 axb4 38. f4 Kf7 39. f5 bxc3+ 40. bxc3 exf5
41. Nxf5 cxd4 42. cxd4 Bd8 43. Kd3 Bg5 44. Ne3 Ke6 45. Nc2 Na5 46. Nc3 Nc4 47.
Nb4 Nxe5+ 48. dxe5 Kxe5 49. Nbxd5 Kf5 50. Ne4 Kg4 51. Kd4 Kxh5 52. Ke5 Kg4 53.
Kd4 Bc1 54. Kd3 Bg5 55. Ke2 Kf5 56. Nf2 Ke5 57. Nc3 Kf5 58. Kf3 Bf6 59. Nce4 Bg5
60. Nd3 Be7 61. Nf4 Bg5 62. Ne2 Ke5 63. N2g3 Kd4 64. Kg4 Ke5 65. Nc3 Kd4 66.
Nce2+ Ke5 67. Ng1 Kd4 68. Nf3+ Ke3 69. Nf5+ Kd3 70. Ne5+ Ke4 71. Nf7 Kd5 72.
N7d6 Ke5 73. Nc4+ Ke4 74. Ng3+ Kd4 75. Nd6 Ke5 76. Ndf5 Kd5 77. Nh5 Ke5 78. Nfg7
Ke4 79. Ne6 Ke5 80. Nf8 Ke4 81. Nxh7 Ke5 82. Nf8 Ke4 83. Ng6 Ke3 84. Kf5 Kf3 85.
Ne5+ Ke3 86. Ng7 Kd4 87. Ne6+ Kd5 88. Nf3 Kd6 89. Ned4 Kd5 90. Ne2 Kd6 91. Ng3
Kd5 92. Ne5 Kd4 93. Ne2+ Kd5 94. Nc3+ Kd4 95. Ne4 Kd5 96. Nf3 Kc4 97. Ke5 Kd3
98. Nc5+ Ke3 99. Ne1 Kd2 100. Ng2 Kc3 101. Ke4 Kc4 102. Nd3 Kc3 103. Nge1 Bd2
104. Nf3 Bg5 105. Nd4 Kc4 106. Ne2 Kb5 107. Kd5 Kb6 108. Nd4 Kc7 109. Nc5 Kd8
110. Ke6 Kc7 111. Kd5 Kd8 112. Nc6+ Ke8 113. Ke6 Kf8 114. Ne4 Kg7 115. Ne5 Bf4
116. Nd7 Bg5 117. Kf5 Kf7 118. Ndc5 Ke7 119. Ne6 Kf7 120. Ke5 Ke7 121. Kd5 Kf7
122. Nd6+ Kf6 123. Nd4 Ke7 124. Ne4 Kf7 125. Ke5 Kg7 126. Kf5 Kf7 127. Nc6 Kg7
128. Nd6 Kf8 129. Kg6 Kg8 130. Nd4 Kf8 131. N4f5 1/2-1/2

[Event "Titled Tue 20th May Late"]
[Site "chess.com INT"]
[Date "2025.05.20"]
[Round "2"]
[White "Eswaran, Ashritha"]
[Black "Bhatia, Kanishka"]
[Result "1/2-1/2"]
[WhiteTitle "FM"]
[BlackTitle "WCM"]
[WhiteElo "2236"]
[BlackElo "1979"]
[WhiteFideId "2080788"]
[BlackFideId "2410095"]
[EventDate "2025.05.20"]

1. e4 c5 2. Nf3 Nc6 3. d4 cxd4 4. Nxd4 Nf6 5. Nc3 e5 6. Nxc6 bxc6 7. Bc4 Be7 8.
O-O O-O 9. a4 Bb7 10. a5 d5 11. exd5 cxd5 12. a6 Bc6 13. Bb5 Bxb5 14. Nxb5 Qb6
15. Nc3 Rfd8 16. Qe2 Rac8 17. Na4 Qe6 18. Bg5 Qf5 19. Bxf6 Bxf6 20. c3 d4 21.
cxd4 exd4 22. Rac1 d3 23. Qf3 Qxf3 24. gxf3 Bg5 25. Rxc8 Rxc8 26. Nc3 Rb8 27.
Ne4 Bf4 28. Rd1 d2 29. Kf1 Rxb2 30. Ke2 f5 31. Nc3 Bxh2 32. Nd5 Bd6 33. Ne3 Bb4
34. Nxf5 Rc2 35. Ne3 Ra2 36. Nd5 Ba5 37. Nf4 Kf7 38. Rb1 Bb6 39. Nd5 Rxa6 40.
Kxd2 Ra2+ 41. Kd3 Rxf2 42. Ke4 Re2+ 43. Kf4 Rd2 44. Ke5 Re2+ 45. Kd6 Re6+ 46.
Kd7 Re2 47. Kc6 Rc2+ 48. Kd6 Rd2 49. Rb4 h5 50. Rf4+ Kg6 51. Kc6 Kh6 52. Ne7
Rc2+ 53. Kd7 Be3 54. Re4 Bc1 55. Re6+ Kh7 56. Nf5 Bb2 57. Ra6 Rc4 58. Rxa7 h4
59. Nd6 h3 60. Nxc4 h2 61. Nxb2 h1=Q 62. Nc4 Qd1+ 63. Kc7 Qg1 64. Ra5 Qg3+ 65.
Kb6 Qxf3 66. Rc5 Qf2 67. Nd6 Kh6 68. Kc6 g5 69. Nf5+ Kg6 70. Ne7+ Kf7 71. Nd5 g4
72. Rc4 Kg6 73. Rxg4+ Kh5 74. Rc4 Qe1 75. Kc5 Qa1 76. Ne3 Qa7+ 77. Kd5 Qa1 78.
Re4 Qa8+ 79. Ke5 Qa1+ 80. Kf4 Qa8 81. Re5+ Kh6 82. Nf5+ Kg6 83. Re6+ Kf7 84. Re5
Kf6 85. Re4 Qb8+ 86. Kg4 Qb1 87. Ng3 Qb8 88. Rf4+ Kg6 89. Rf5 Qc8 90. Kf4 Qc7+
91. Kg4 Qc4+ 92. Rf4 Qc1 93. Ne4 Qd1+ 94. Kg3 Qg1+ 95. Kf3 Qf1+ 96. Ke3 Qc1+ 97.
Kf3 Qa3+ 98. Kg4 Qb3 99. Rf6+ Kg7 100. Rf4 Qe6+ 101. Kg5 Qa2 102. Ng3 Qa1 103.
Nh5+ Kg8 104. Nf6+ Kg7 105. Nh5+ Kg8 106. Rf5 Qg1+ 107. Kh6 Qb6+ 108. Kg5 Qe3+
109. Kf6 Qb6+ 110. Ke5 Qc5+ 111. Kf4 Qf2+ 112. Kg5 Qd2+ 113. Kg6 Qd3 114. Nf6+
Kf8 115. Kg5 Ke7 116. Ng4 Qb1 117. Re5+ Kd7 118. Rf5 Ke6 119. Rf6+ Ke7 120. Rg6
Qc1+ 121. Kh5 Kf7 122. Rg5 Qh1+ 123. Nh2 1/2-1/2

[Event "Titled Tue 20th May Late"]
[Site "chess.com INT"]
[Date "2025.05.20"]
[Round "3"]
[White "Ollier, Pablo"]
[Black "Perez Rojas, Jorge"]
[Result "1-0"]
[WhiteTitle "FM"]
[BlackTitle "FM"]
[WhiteElo "2284"]
[BlackElo "2100"]
[WhiteFideId "652318"]
[BlackFideId "3452093"]
[EventDate "2025.05.20"]

1. d4 d5 2. c4 e6 3. Nc3 c6 4. e3 f5 5. g4 Nf6 6. gxf5 exf5 7. Qb3 Be7 8. Nh3
O-O 9. Nf4 dxc4 10. Bxc4+ Kh8 11. h4 b5 12. Be6 Na6 13. h5 Nc7 14. Ng6+ 1-0

[Event "Titled Tue 20th May Late"]
[Site "chess.com INT"]
[Date "2025.05.20"]
[Round "3"]
[White "Romero Ruscalleda, Josep"]
[Black "Becking, Stephan"]
[Result "0-1"]
[WhiteTitle "FM"]
[BlackTitle "IM"]
[WhiteElo "2110"]
[BlackElo "2410"]
[WhiteFideId "2231859"]
[BlackFideId "4632478"]
[EventDate "2025.05.20"]

1. e4 e6 2. d4 d5 3. e5 Ne7 4. Nf3 Qd7 5. Bd3 b6 6. Qe2 a5 7. Nc3 Ba6 8. Nb5
Nec6 9. O-O Nb4 10. a4 Nxd3 11. Qxd3 c6 0-1